01367nam a22003254a 4500001001200000003000800012006001900020007001500039008004100054010001700095020003600112020003600148040002100184035002100205050002700226082001900253100002200272245011700294260005600411300002500467504006400492533015200556650003400708650002700742650005000769651005000819655002900869710001700898856012600915ebr10048976CaPaEBRm u cr cn|||||||||020118s2003 caua sb 001 0 eng  z 2002018748 z0520232410 (cloth : alk. paper) z0520232429 (paper : alk. paper) aCaPaEBRcCaPaEBR a(OCoLC)61469623014aF3430.1.M3bJ64 2003eb04a305.898/392211 aJohnson, Allen W.10aFamilies of the foresth[electronic resource] :bthe Matsigenka Indians of the Peruvian Amazon /cAllen Johnson. aBerkeley :bUniversity of California Press,cc2003. axvii, 258 p. :bill. aIncludes bibliographical references (p. 231-242) and index. aElectronic reproduction.bPalo Alto, Calif. :cebrary,d2013.nAvailable via World Wide Web.nAccess may be limited to ebrary affiliated libraries. 0aMachiguenga IndiansxKinship. 0aMachiguenga cosmology. 0aMachiguenga IndiansxSocial life and customs. 0aAmazon River RegionxSocial life and customs. 7aElectronic books.2local2 aebrary, Inc.40uhttp://site.ebrary.com/lib/rucke/Doc?id=10048976zAn electronic book accessible through the World Wide Web; click to view